| 000 | 00857pam a2200277 a 4500 | ||
|---|---|---|---|
| 008 | |||
| 020 | _a0397547919 (hbk) | ||
| 049 | _aMAIN | ||
| 090 | 0 |
_aRG951 _bMAR |
|
| 100 | 1 | _aMartin, Leonide L. | |
| 245 | 1 | 0 |
_aEssentials of maternity nursing : _bfamily -centered care / _cIrene M. Bobak and Margaret Duncan Jensen. |
| 250 | _a3rd ed. | ||
| 260 |
_aNew York: _bLippincott, _cc1991. |
||
| 300 |
_axx, 819 p. : _bill. ; _c29 cm. |
||
| 500 | _aIncludes index. | ||
| 504 | _aIncludes bibliographical references. | ||
| 650 | 0 | _aMaternity nursing. | |
| 650 | 2 | _aObstetrical Nursing. | |
| 650 | 2 |
_aPerinatology _xnurses instruction. |
|
| 700 | 1 | _aJensen, Margaret Duncan. | |
| 907 |
_a.b10290059 _b10-05-13 _c25-01-11 |
||
| 003 | |||
| 005 | 20230120204050.0 | ||
| 040 | _cNUST | ||
| 942 |
_cBOOKS _kRG951 _mMAR |
||
| 999 |
_c116488 _d116488 |
||